[Event "chess.com Speed 2021"]
[Site "chess.com INT"]
[Date "2021.11.08"]
[Round "1.37"]
[White "Duda, Jan-Krzysztof"]
[Black "Giri, Anish"]
[Result "1/2-1/2"]
[WhiteTitle "GM"]
[BlackTitle "GM"]
[WhiteElo "2756"]
[BlackElo "2774"]
[WhiteFideId "1170546"]
[BlackFideId "24116068"]
[EventDate "2021.11.08"]
[EventType "k.o."]

1. Nf3 d5 2. b3 Bf5 3. Bb2 e6 4. e3 Nf6 5. Nc3 h6 6. h3 Be7 7. Bd3 Bxd3 8. cxd3
Nbd7 9. Ne2 c6 10. Qc2 Qc7 11. g4 O-O-O 12. a3 Kb8 13. b4 Rc8 14. Bxf6 Bxf6 15.
d4 e5 16. dxe5 Nxe5 17. Nxe5 Bxe5 18. d4 Bf6 19. O-O-O h5 20. Kb1 Qd7 21. Qf5
Rcd8 22. Kc2 hxg4 23. hxg4 Qxf5+ 24. gxf5 Kc7 25. Kd3 a5 26. Nf4 axb4 27. axb4
Kd7 28. b5 Rxh1 29. Rxh1 Ra8 30. Ke2 Ra2+ 31. Kf3 Ra3 32. Kg2 Ra2 33. bxc6+ bxc6
34. Nd3 Kd6 35. Rb1 Ra7 36. Rb8 Re7 37. Kf3 Kc7 38. Rf8 Kd6 39. Nc5 Ra7 40. Kf4
Ke7 41. Rc8 Kd6 42. Nd3 Rc7 43. Ra8 Rb7 44. Kf3 Rc7 45. Nc5 Ke7 46. Ke2 Kd6 47.
Kd3 Ke7 48. f3 Bh4 49. e4 dxe4+ 50. fxe4 Kf6 51. Rg8 Bg3 52. Kc4 Bf2 53. Nd3 Bg3
54. Rh8 Re7 55. Nc5 Bd6 56. e5+ Bxe5 57. dxe5+ Kxe5 58. Rh5 Kf4 59. Nd3+ Kg4 60.
Rh7 Kxf5 61. Rxg7 Re4+ 62. Kc5 Re7 63. Kxc6 Re6+ 64. Kd5 Rg6 65. Rxf7+ Rf6 66.
Rd7 Rg6 67. Ne5 Rf6 68. Nc4 Kf4 69. Kd4 Rf5 70. Ne3 Ra5 71. Rf7+ Kg5 72. Ke4 Kh4
73. Nf5+ Kg5 74. Nd4 Ra4 75. Rb7 Kg4 76. Rg7+ Kh5 77. Kf5 Ra5+ 78. Kf6 Ra6+ 79.
Ne6 Kh4 80. Rg1 Ra4 81. Ng5 Ra6+ 82. Kf5 Ra5+ 83. Kf4 Ra4+ 84. Ne4 Kh5 85. Rg8
Kh6 86. Kf5 Ra5+ 87. Kf4 Ra4 88. Kf5 Ra5+ 89. Kf4 Ra4 1/2-1/2

[Event "chess.com Speed 2021"]
[Site "chess.com INT"]
[Date "2021.11.08"]
[Round "1.38"]
[White "Giri, Anish"]
[Black "Duda, Jan-Krzysztof"]
[Result "0-1"]
[WhiteTitle "GM"]
[BlackTitle "GM"]
[WhiteElo "2774"]
[BlackElo "2756"]
[WhiteFideId "24116068"]
[BlackFideId "1170546"]
[EventDate "2021.11.08"]
[EventType "k.o."]

1. e4 c5 2. Nf3 e6 3. c3 Nf6 4. e5 Nd5 5. d4 cxd4 6. cxd4 d6 7. Bc4 b6 8. Bxd5
exd5 9. O-O Be7 10. Nc3 Be6 11. Bf4 dxe5 12. dxe5 Nc6 13. h3 Qd7 14. Nb5 O-O 15.
Nbd4 Nxd4 16. Nxd4 Rac8 17. Qd2 Rc4 18. b3 Bb4 19. Qd1 Rc7 20. Rc1 Rfc8 21. Rxc7
Rxc7 22. Be3 Bc3 23. f4 Bxd4 24. Bxd4 Bf5 25. Kh2 Be4 26. Rf2 Qf5 27. Qg4 h5 28.
Qh4 Rc8 29. g4 hxg4 30. hxg4 Qg6 31. f5 Qc6 32. e6 Qc1 33. exf7+ Kxf7 34. Qh5+
Ke7 35. Qh4+ Kd7 36. Bxg7 Qe3 37. Be5 Rc1 38. Qh7+ Kc8 39. Qg8+ Kb7 40. Qf7+ Ka6 0-1

[Event "chess.com Speed 2021"]
[Site "chess.com INT"]
[Date "2021.11.08"]
[Round "1.39"]
[White "Duda, Jan-Krzysztof"]
[Black "Giri, Anish"]
[Result "1-0"]
[WhiteTitle "GM"]
[BlackTitle "GM"]
[WhiteElo "2756"]
[BlackElo "2774"]
[WhiteFideId "1170546"]
[BlackFideId "24116068"]
[EventDate "2021.11.08"]
[EventType "k.o."]

1. d4 Nf6 2. c4 e6 3. Nf3 d5 4. Nc3 c6 5. Bg5 Nbd7 6. Qc2 h6 7. Bh4 dxc4 8. e4
b5 9. e5 g5 10. Bg3 Nd5 11. h4 g4 12. Nd2 Qb6 13. Rd1 Bb7 14. Be2 O-O-O 15. O-O
h5 16. Nde4 Kb8 17. Ng5 Rg8 18. Nxf7 Re8 19. Ne4 Ka8 20. a4 1-0

[Event "chess.com Speed 2021"]
[Site "chess.com INT"]
[Date "2021.11.09"]
[Round "1.11"]
[White "Ding, Liren"]
[Black "Mamedyarov, Shakhriyar"]
[Result "1-0"]
[WhiteTitle "GM"]
[BlackTitle "GM"]
[WhiteElo "2799"]
[BlackElo "2765"]
[WhiteFideId "8603677"]
[BlackFideId "13401319"]
[EventDate "2021.11.08"]
[EventType "k.o."]

1. d4 Nf6 2. c4 g6 3. h4 c6 4. Nc3 d5 5. cxd5 cxd5 6. Bf4 Bg7 7. e3 O-O 8. Be2
Nc6 9. h5 Bf5 10. h6 Bh8 11. Nf3 Rc8 12. O-O Ne4 13. Rc1 Bf6 14. Qb3 Na5 15. Qb4
Nxc3 16. Rxc3 Rxc3 17. Qxc3 Qb6 18. Rc1 Nc6 19. a3 Rc8 20. b4 a6 21. Qb3 Qd8 22.
a4 e6 23. b5 axb5 24. axb5 Na5 25. Qa3 Nc4 26. Bxc4 dxc4 27. Ne5 Bxe5 28. Bxe5
f6 29. Bg3 Bd3 30. b6 Kf7 31. Bc7 Ra8 32. Qxd3 cxd3 33. Bxd8 1-0

[Event "chess.com Speed 2021"]
[Site "chess.com INT"]
[Date "2021.11.09"]
[Round "1.12"]
[White "Mamedyarov, Shakhriyar"]
[Black "Ding, Liren"]
[Result "1-0"]
[WhiteTitle "GM"]
[BlackTitle "GM"]
[WhiteElo "2765"]
[BlackElo "2799"]
[WhiteFideId "13401319"]
[BlackFideId "8603677"]
[EventDate "2021.11.08"]
[EventType "k.o."]

1. Nf3 d5 2. g3 g6 3. Bg2 Bg7 4. O-O c5 5. d3 Nf6 6. Nbd2 O-O 7. e4 Nc6 8. exd5
Nxd5 9. Re1 b6 10. Nc4 Bb7 11. c3 h6 12. Nfe5 Nxe5 13. Nxe5 Qc7 14. Qe2 Rad8 15.
a4 e6 16. a5 b5 17. a6 Ba8 18. h4 b4 19. Bd2 h5 20. c4 Ne7 21. Bxa8 Rxa8 22. Bf4
Qd8 23. Qe4 Nf5 24. Qb7 Nd4 25. Re4 Bxe5 26. Rxe5 Qb6 27. Kg2 Nc6 28. Rg5 Rfc8
29. Bd6 Nd4 30. Bxc5 Qc6+ 31. Qxc6 Nxc6 32. Be3 Rd8 33. Rc5 Ne7 34. Rc7 Nf5 35.
Bxa7 Rd7 36. Rxd7 1-0

[Event "chess.com Speed 2021"]
[Site "chess.com INT"]
[Date "2021.11.09"]
[Round "1.13"]
[White "Ding, Liren"]
[Black "Mamedyarov, Shakhriyar"]
[Result "1-0"]
[WhiteTitle "GM"]
[BlackTitle "GM"]
[WhiteElo "2799"]
[BlackElo "2765"]
[WhiteFideId "8603677"]
[BlackFideId "13401319"]
[EventDate "2021.11.08"]
[EventType "k.o."]

1. d4 d5 2. c4 e6 3. Nc3 a6 4. cxd5 exd5 5. Nf3 Nf6 6. Bg5 Be6 7. e3 c6 8. Bd3
Bd6 9. Qb3 Ra7 10. Bxf6 gxf6 11. O-O Nd7 12. Qc2 h5 13. e4 Nb6 14. Rfe1 Kf8 15.
Nh4 f5 16. exd5 Qxh4 17. g3 Qxd4 18. dxe6 h4 19. Bxf5 hxg3 20. hxg3 Bxg3 21. e7+
Ke8 22. Rad1 Bh2+ 23. Kf1 Qc4+ 24. Re2 Ra8 25. Qd2 Nd5 26. Nxd5 cxd5 27. Qxd5 1-0

[Event "chess.com Speed 2021"]
[Site "chess.com INT"]
[Date "2021.11.09"]
[Round "1.14"]
[White "Mamedyarov, Shakhriyar"]
[Black "Ding, Liren"]
[Result "1-0"]
[WhiteTitle "GM"]
[BlackTitle "GM"]
[WhiteElo "2765"]
[BlackElo "2799"]
[WhiteFideId "13401319"]
[BlackFideId "8603677"]
[EventDate "2021.11.08"]
[EventType "k.o."]

1. d4 Nf6 2. c4 e6 3. Nc3 Bb4 4. f3 c5 5. d5 b5 6. e4 d6 7. Ne2 bxc4 8. Nf4 g5
9. Ne2 exd5 10. exd5 Qe7 11. Kf2 Nbd7 12. Ng3 Nb6 13. Nce4 h6 14. a3 Ba5 15. b4
cxb4 16. axb4 Bxb4 17. Bxc4 Nxe4+ 18. Nxe4 f5 19. Bb5+ Kf7 20. Qd4 fxe4 21. Qxb4
Bf5 22. Bb2 Rhc8 23. Bc6 e3+ 24. Ke2 Nd7 25. Bc3 Rab8 26. Qd4 Ne5 27. Rxa7 Rc7
28. Rxc7 Qxc7 29. f4 gxf4 30. Qxf4 Kg6 31. Rf1 Bd3+ 32. Kxe3 Bxf1 33. Qxf1 Qa7+
34. Ke4 1-0

[Event "chess.com Speed 2021"]
[Site "chess.com INT"]
[Date "2021.11.09"]
[Round "1.15"]
[White "Ding, Liren"]
[Black "Mamedyarov, Shakhriyar"]
[Result "1/2-1/2"]
[WhiteTitle "GM"]
[BlackTitle "GM"]
[WhiteElo "2799"]
[BlackElo "2765"]
[WhiteFideId "8603677"]
[BlackFideId "13401319"]
[EventDate "2021.11.08"]
[EventType "k.o."]

1. d4 d5 2. c4 dxc4 3. e4 e5 4. Nf3 exd4 5. Bxc4 Nc6 6. O-O Bc5 7. Ng5 Nh6 8.
Nxf7 Nxf7 9. Bxf7+ Kxf7 10. Qh5+ g6 11. Qxc5 Re8 12. Bg5 Qd6 13. Qxd6 cxd6 14.
Nd2 Be6 15. Rfd1 d5 16. Nb3 dxe4 17. Nxd4 Nxd4 18. Rxd4 Bf5 19. h3 h5 20. Rad1
Rac8 21. Ra4 a6 22. Rb4 b5 23. Rd6 Re6 24. Rd7+ Kg8 25. Rbd4 Rec6 26. Ra7 R8c7
27. Rd8+ Kf7 28. Raa8 Rc8 29. Ra7+ R8c7 30. Raa8 Rc8 31. Rdxc8 Bxc8 32. Ra7+ Ke6
33. Re7+ Kd5 34. Bf4 Bf5 35. Rc7 Rxc7 36. Bxc7 1/2-1/2

[Event "chess.com Speed 2021"]
[Site "chess.com INT"]
[Date "2021.11.09"]
[Round "1.16"]
[White "Mamedyarov, Shakhriyar"]
[Black "Ding, Liren"]
[Result "0-1"]
[WhiteTitle "GM"]
[BlackTitle "GM"]
[WhiteElo "2765"]
[BlackElo "2799"]
[WhiteFideId "13401319"]
[BlackFideId "8603677"]
[EventDate "2021.11.08"]
[EventType "k.o."]

1. e4 e5 2. Nc3 Nf6 3. d4 exd4 4. Qxd4 Nc6 5. Qd3 Bc5 6. Bf4 d6 7. Qd2 Be6 8.
O-O-O Bb4 9. Qe3 Ng4 10. Qg3 Bxc3 11. bxc3 Qf6 12. h4 h6 13. Bb5 O-O 14. Ne2
Nge5 15. f3 Bxa2 16. Bg5 Qg6 17. Nf4 Qh7 18. Nd5 Kh8 19. Nxc7 Rac8 20. Nd5 f6
21. Bf4 Bxd5 22. Rxd5 a6 23. Ba4 b5 24. Bb3 Na5 25. Kb2 Nac4+ 26. Ka2 a5 27.
Bxe5 dxe5 28. Rxb5 Qg8 29. Rd5 a4 30. Bxc4 Rxc4 31. Rhd1 Rxc3 32. Rd2 Rfc8 33.
Qf2 Qf7 34. Qb6 Rxc2+ 35. Rxc2 Rxc2+ 36. Kb1 Rxg2 37. Qa6 Kh7 38. Qxa4 Qb7+ 39.
Rb5 Qc6 40. Qb3 Rg1+ 0-1

[Event "chess.com Speed 2021"]
[Site "chess.com INT"]
[Date "2021.11.09"]
[Round "1.17"]
[White "Ding, Liren"]
[Black "Mamedyarov, Shakhriyar"]
[Result "1/2-1/2"]
[WhiteTitle "GM"]
[BlackTitle "GM"]
[WhiteElo "2799"]
[BlackElo "2765"]
[WhiteFideId "8603677"]
[BlackFideId "13401319"]
[EventDate "2021.11.08"]
[EventType "k.o."]

1. d4 Nf6 2. c4 e6 3. Nf3 d5 4. g3 Bb4+ 5. Bd2 Bd6 6. Qc2 O-O 7. Bg2 Nc6 8. O-O
dxc4 9. Rd1 Qe7 10. Qxc4 e5 11. dxe5 Nxe5 12. Nxe5 Qxe5 13. Bc3 Qe7 14. Nd2 Be6
15. Bxf6 Qxf6 16. Qb5 Qe5 17. Qxb7 Rab8 18. Qxa7 Rxb2 19. Ne4 Rxe2 20. Nxd6 cxd6
21. a4 Bb3 22. Rdc1 d5 23. Qb6 Bc4 24. a5 Rb2 25. Qc5 Qf6 26. Bf1 Rb5 27. Qa7 h5
28. a6 h4 29. Bxc4 dxc4 30. Qe3 Ra8 31. a7 Rb7 32. Ra4 h3 33. Raxc4 Rbxa7 34.
Rc8+ Rxc8 35. Rxc8+ Kh7 36. Qe4+ g6 37. Rc1 Ra1 38. Rf1 Kg7 39. Qe2 Qc6 40. f3
Qc5+ 41. Qf2 Qxf2+ 42. Kxf2 Ra2+ 43. Ke3 Rxh2 44. Kf4 Ra2 45. Kg4 h2 46. Kh3 Kf6
47. Rh1 Ke5 48. Rxh2 Rxh2+ 49. Kxh2 Kd4 50. g4 Ke3 51. Kg3 f5 52. gxf5 gxf5 53.
f4 Ke4 54. Kg2 Kxf4 55. Kf2 Ke4 56. Ke2 Kf4 57. Kf2 Ke4 58. Ke2 Kf4 59. Kf2 1/2-1/2

[Event "chess.com Speed 2021"]
[Site "chess.com INT"]
[Date "2021.11.09"]
[Round "1.18"]
[White "Mamedyarov, Shakhriyar"]
[Black "Ding, Liren"]
[Result "1-0"]
[WhiteTitle "GM"]
[BlackTitle "GM"]
[WhiteElo "2765"]
[BlackElo "2799"]
[WhiteFideId "13401319"]
[BlackFideId "8603677"]
[EventDate "2021.11.08"]
[EventType "k.o."]

1. d4 Nf6 2. c4 e6 3. Nf3 d5 4. Nc3 Bb4 5. Bg5 h6 6. Bxf6 Qxf6 7. e3 O-O 8. Rc1
dxc4 9. Bxc4 c5 10. O-O cxd4 11. Ne4 Qe7 12. Nxd4 Bd7 13. Be2 Nc6 14. a3 Nxd4
15. Qxd4 Ba5 16. Qc5 Bd8 17. Rfd1 Bc6 18. Bf3 Re8 19. b4 Bb6 20. Qxe7 Rxe7 21.
Nd6 Bxf3 22. gxf3 Rd7 23. Nc4 Rxd1+ 24. Rxd1 Rd8 25. Rxd8+ Bxd8 26. Nd6 b6 27.
Kf1 a6 28. f4 Kf8 29. Ke2 Ke7 30. Nc4 Bc7 31. h3 b5 32. Nd2 Kd6 33. Kd3 f5 34.
Nb1 Kc6 35. Nc3 g5 36. fxg5 hxg5 37. Ne2 Kd5 38. f4 g4 39. h4 Kd6 40. h5 Ke7 41.
h6 Kf6 42. Nd4 Kg6 43. Nxe6 Bb6 44. Ng7 g3 45. Nxf5 Kxf5 46. h7 g2 47. h8=Q g1=Q
48. Qc8+ Kf6 49. Qc6+ Ke7 50. Qb7+ Ke8 51. Qxb6 Qb1+ 52. Kd4 Qb2+ 53. Kd5 Qb3+
54. Kd6 Qd3+ 55. Qd4 Qg6+ 56. Kc5 Qf5+ 57. Qe5+ 1-0

[Event "chess.com Speed 2021"]
[Site "chess.com INT"]
[Date "2021.11.09"]
[Round "1.19"]
[White "Ding, Liren"]
[Black "Mamedyarov, Shakhriyar"]
[Result "1-0"]
[WhiteTitle "GM"]
[BlackTitle "GM"]
[WhiteElo "2799"]
[BlackElo "2765"]
[WhiteFideId "8603677"]
[BlackFideId "13401319"]
[EventDate "2021.11.08"]
[EventType "k.o."]

1. d4 Nf6 2. c4 e6 3. Nf3 d5 4. g3 Bb4+ 5. Bd2 Bd6 6. Bg2 O-O 7. Qc2 c6 8. Nc3
dxc4 9. e4 Be7 10. e5 Nd5 11. Ne4 Nb4 12. Bxb4 Bxb4+ 13. Kf1 f5 14. exf6 gxf6
15. Qxc4 a5 16. Kg1 Kh8 17. h4 Nd7 18. Kh2 Nb6 19. Qc2 Nd5 20. a3 Be7 21. Rhe1
Bd7 22. Nc5 Bxc5 23. Qxc5 Qb6 24. Qc2 a4 25. Rac1 Ra5 26. Bf1 Rc8 27. Qd2 Raa8
28. Bd3 Rg8 29. Re2 Qc7 30. Qh6 Rg7 31. Be4 Qd6 32. Rce1 Rag8 33. h5 Be8 34. Nh4
Bf7 35. Bxd5 Rxg3 36. Qxf6+ R3g7+ 37. f4 Bxh5 38. Bf3 Rf8 39. Qe5 Rxf4 40. Re4
Qxe5 41. dxe5 Rxh4+ 42. Rxh4 Bxf3 43. Rf4 Rg2+ 44. Kh3 Bd5 45. Rf7 Rxb2 46. Rg1
Rb3+ 47. Kh4 h6 48. Rgg7 Rb1 49. Rh7+ Kg8 50. Rfg7+ Kf8 51. Rxb7 Rxb7 52. Rxb7
c5 53. Rc7 c4 54. Kh5 Ke8 55. Kxh6 Kd8 56. Rc5 Kd7 57. Kg5 Ke7 58. Kf4 Kf7 59.
Ke3 Kg6 60. Kd4 Kf5 61. Ra5 c3 62. Rc5 c2 63. Rxc2 1-0

[Event "chess.com Speed 2021"]
[Site "chess.com INT"]
[Date "2021.11.09"]
[Round "1.21"]
[White "Mamedyarov, Shakhriyar"]
[Black "Ding, Liren"]
[Result "1/2-1/2"]
[WhiteTitle "GM"]
[BlackTitle "GM"]
[WhiteElo "2765"]
[BlackElo "2799"]
[WhiteFideId "13401319"]
[BlackFideId "8603677"]
[EventDate "2021.11.08"]
[EventType "k.o."]

1. Nf3 d5 2. g3 Nf6 3. Bg2 c5 4. O-O e6 5. d4 cxd4 6. Nxd4 e5 7. Nb3 Be6 8. Bg5
Nbd7 9. Nc3 h6 10. Bxf6 Nxf6 11. Qd3 Be7 12. Rad1 d4 13. Bxb7 O-O 14. Ne4 Rb8
15. Nxf6+ Bxf6 16. Bg2 Qc7 17. c3 Bxb3 18. axb3 Rxb3 19. Rc1 dxc3 20. Rxc3 Rxc3
21. Qxc3 Qxc3 22. bxc3 Rc8 23. Ra1 Rxc3 24. Rxa7 Rc1+ 25. Bf1 1/2-1/2

[Event "chess.com Speed 2021"]
[Site "chess.com INT"]
[Date "2021.11.09"]
[Round "1.22"]
[White "Ding, Liren"]
[Black "Mamedyarov, Shakhriyar"]
[Result "0-1"]
[WhiteTitle "GM"]
[BlackTitle "GM"]
[WhiteElo "2799"]
[BlackElo "2765"]
[WhiteFideId "8603677"]
[BlackFideId "13401319"]
[EventDate "2021.11.08"]
[EventType "k.o."]

1. d4 Nf6 2. c4 e6 3. Nf3 c5 4. d5 b5 5. dxe6 fxe6 6. cxb5 d5 7. Nc3 Nbd7 8. e4
d4 9. e5 Ng4 10. Ne4 Ngxe5 11. Nxe5 Nxe5 12. Qh5+ Nf7 13. Bc4 Be7 14. O-O O-O
15. Re1 g6 16. Qh3 e5 17. Qb3 Kg7 18. Bxf7 Rxf7 19. Bh6+ Kg8 20. Rac1 Bb7 21.
Qe6 Bxe4 22. Rxe4 Bd6 23. f4 exf4 24. Rce1 Qd7 25. Qd5 Rd8 26. Bg5 f3 27. Kh1 f2
28. Rf1 Bf8 29. Qc4 Qd5 30. Qxd5 Rxd5 31. Bh4 d3 0-1

[Event "chess.com Speed 2021"]
[Site "chess.com INT"]
[Date "2021.11.09"]
[Round "1.23"]
[White "Mamedyarov, Shakhriyar"]
[Black "Ding, Liren"]
[Result "0-1"]
[WhiteTitle "GM"]
[BlackTitle "GM"]
[WhiteElo "2765"]
[BlackElo "2799"]
[WhiteFideId "13401319"]
[BlackFideId "8603677"]
[EventDate "2021.11.08"]
[EventType "k.o."]

1. d4 Nf6 2. Nf3 d5 3. Bf4 c5 4. e3 Nc6 5. Nbd2 Qb6 6. dxc5 Qxb2 7. Rb1 Qc3 8.
Bb5 e6 9. Be5 Qxc5 10. c4 Be7 11. cxd5 exd5 12. Nd4 O-O 13. Rc1 Qa3 14. Bxc6
bxc6 15. Nxc6 Re8 16. Rc3 Qa6 17. Qc1 Bf8 18. Bxf6 gxf6 19. Nd4 Bd7 20. f3 Rac8
21. Kf2 Bb4 22. Rxc8 Rxc8 23. Qd1 Qxa2 24. Nb3 Rc2 0-1

[Event "chess.com Speed 2021"]
[Site "chess.com INT"]
[Date "2021.11.09"]
[Round "1.24"]
[White "Ding, Liren"]
[Black "Mamedyarov, Shakhriyar"]
[Result "1/2-1/2"]
[WhiteTitle "GM"]
[BlackTitle "GM"]
[WhiteElo "2799"]
[BlackElo "2765"]
[WhiteFideId "8603677"]
[BlackFideId "13401319"]
[EventDate "2021.11.08"]
[EventType "k.o."]

1. d4 Nf6 2. c4 e6 3. Nf3 c5 4. d5 b5 5. Bg5 h6 6. Bxf6 Qxf6 7. Nc3 b4 8. Nb5
Na6 9. e4 g5 10. h3 Bg7 11. e5 Qd8 12. Bd3 O-O 13. Qe2 Rb8 14. O-O Nc7 15. Qe4
f5 16. exf6 Rxf6 17. Nd6 exd5 18. Qh7+ Kf8 19. Nf5 Rxf5 20. Bxf5 dxc4 21. Rae1
d6 22. Re2 Bxf5 23. Qxf5+ Qf6 24. Qd7 Qd8 25. Qf5+ Qf6 26. Qd7 Qd8 27. Qf5+ 1/2-1/2

[Event "chess.com Speed 2021"]
[Site "chess.com INT"]
[Date "2021.11.09"]
[Round "1.25"]
[White "Mamedyarov, Shakhriyar"]
[Black "Ding, Liren"]
[Result "0-1"]
[WhiteTitle "GM"]
[BlackTitle "GM"]
[WhiteElo "2765"]
[BlackElo "2799"]
[WhiteFideId "13401319"]
[BlackFideId "8603677"]
[EventDate "2021.11.08"]
[EventType "k.o."]

1. Nf3 Nf6 2. g3 d5 3. Bg2 e6 4. O-O Be7 5. c4 O-O 6. b3 d4 7. e3 c5 8. exd4
cxd4 9. Re1 Nc6 10. Na3 Re8 11. Bb2 Bf8 12. Ne5 Nxe5 13. Rxe5 Nd7 14. Re1 Nc5
15. d3 e5 16. Nc2 Bf5 17. Bf1 Qd7 18. Ba3 b6 19. Bxc5 bxc5 20. Bg2 Rab8 21. Qf3
g6 22. Rab1 a5 23. Na3 Rb6 24. Nb5 h5 25. h4 Bh6 26. Qd1 Kg7 27. a3 g5 28. hxg5
Bxg5 29. Be4 Bxe4 30. Rxe4 f5 31. Re1 h4 32. Qf3 hxg3 33. fxg3 Be3+ 34. Rxe3
dxe3 35. Qxe3 Rg6 36. Kf2 f4 37. gxf4 exf4 38. Qxc5 Qh3 39. Qd4+ Kh7 40. Qd7+
Qxd7 0-1

[Event "chess.com Speed 2021"]
[Site "chess.com INT"]
[Date "2021.11.09"]
[Round "1.26"]
[White "Ding, Liren"]
[Black "Mamedyarov, Shakhriyar"]
[Result "0-1"]
[WhiteTitle "GM"]
[BlackTitle "GM"]
[WhiteElo "2799"]
[BlackElo "2765"]
[WhiteFideId "8603677"]
[BlackFideId "13401319"]
[EventDate "2021.11.08"]
[EventType "k.o."]

1. d4 d5 2. c4 dxc4 3. Nf3 Nf6 4. e3 e6 5. Bxc4 a6 6. O-O c5 7. b3 b6 8. Bb2
cxd4 9. Nxd4 Bb7 10. Nd2 Be7 11. Rc1 O-O 12. Be2 Nd5 13. Bf3 Ra7 14. Qe2 b5 15.
Rfd1 Ba8 16. Ne4 Qb6 17. g3 h6 18. Bg2 Rd8 19. h4 Nd7 20. Nf3 Rc7 21. Rxc7 Qxc7
22. Rc1 Qb8 23. Nd4 Rc8 24. Rxc8+ Qxc8 25. Qc2 Qxc2 26. Nxc2 b4 27. a3 a5 28.
axb4 axb4 29. Nd2 Nc7 30. Bxa8 Nxa8 31. Kf1 f6 32. Ke2 e5 33. f4 Kf7 34. fxe5
fxe5 35. e4 Ke6 36. Ne3 Nc7 37. Nec4 Nb5 38. Nf3 Nc3+ 39. Bxc3 bxc3 40. Kd3 Bb4
41. Kc2 Nc5 42. Nfxe5 Nxe4 43. Nd3 Be7 44. h5 Nxg3 45. Nf4+ Kf5 46. Nd5 Bd8 47.
b4 Nxh5 48. b5 Nf4 0-1

[Event "chess.com Speed 2021"]
[Site "chess.com INT"]
[Date "2021.11.09"]
[Round "1.27"]
[White "Mamedyarov, Shakhriyar"]
[Black "Ding, Liren"]
[Result "1/2-1/2"]
[WhiteTitle "GM"]
[BlackTitle "GM"]
[WhiteElo "2765"]
[BlackElo "2799"]
[WhiteFideId "13401319"]
[BlackFideId "8603677"]
[EventDate "2021.11.08"]
[EventType "k.o."]

1. d4 Nf6 2. c4 e6 3. Nf3 d5 4. Nc3 Bb4 5. Bg5 h6 6. Bxf6 Qxf6 7. e3 O-O 8. Rc1
dxc4 9. Bxc4 c5 10. O-O cxd4 11. Ne4 Qe7 12. Nxd4 Bd7 13. Be2 Nc6 14. a3 Nxd4
15. Qxd4 Ba5 16. Qc5 Bd8 17. Rfd1 Bc6 18. Bf3 Re8 19. b4 Bb6 20. Qxe7 Rxe7 21.
Nd2 Ba4 22. Re1 Rb8 23. Nc4 Bd8 24. Nb2 Be8 25. Red1 Rc7 26. Rxc7 Bxc7 27. g3
Kf8 28. Rc1 Bd8 29. Nc4 Ke7 30. Na5 Bxa5 31. bxa5 Kd6 32. Rd1+ Kc5 33. Rb1 Bc6
34. Rc1+ Kd6 35. Rd1+ Ke7 36. Kg2 Rd8 37. Rb1 Rd3 38. h4 Kd6 39. Bxc6 Kxc6 40.
Rc1+ Kd6 41. Rb1 Kc7 42. Rc1+ Kd7 43. Rb1 Kc8 44. Rc1+ Kd8 45. Rb1 Kc7 46. Rc1+
Kb8 47. Rc4 Rxa3 48. Rg4 g6 49. h5 g5 50. Rd4 Rxa5 51. Rd8+ Kc7 52. Rh8 g4 53.
Rxh6 Kd6 54. Rh7 Ke7 55. h6 Rh5 56. Rh8 b5 57. Ra8 Rxh6 58. Rxa7+ Kf6 59. Rb7
Rh5 60. Kf1 Rd5 61. Ke2 Kg6 62. e4 Rc5 63. Ke3 e5 64. Rb8 Kf6 65. Rb6+ Ke7 66.
Rb7+ Ke6 67. Rb6+ Kd7 68. Rb7+ Ke6 69. Rb6+ Ke7 70. Rb7+ Ke6 1/2-1/2

[Event "chess.com Speed 2021"]
[Site "chess.com INT"]
[Date "2021.11.09"]
[Round "1.28"]
[White "Ding, Liren"]
[Black "Mamedyarov, Shakhriyar"]
[Result "1/2-1/2"]
[WhiteTitle "GM"]
[BlackTitle "GM"]
[WhiteElo "2799"]
[BlackElo "2765"]
[WhiteFideId "8603677"]
[BlackFideId "13401319"]
[EventDate "2021.11.08"]
[EventType "k.o."]

1. d4 d5 2. c4 dxc4 3. Nf3 Nf6 4. e3 e6 5. Bxc4 c5 6. O-O a6 7. b3 b6 8. Bb2 Bb7
9. dxc5 Bxc5 10. Qxd8+ Kxd8 11. Be2 Ke7 12. Ne5 Nc6 13. Nd3 Bd6 14. Nd2 Nb4 15.
Nc4 Nxd3 16. Bxd3 Bc5 17. Rfc1 Rhd8 18. Be2 Rac8 19. Kf1 g6 20. a3 a5 21. b4
axb4 22. axb4 Bxb4 23. Nxb6 Rxc1+ 24. Rxc1 Nd5 25. Nxd5+ Bxd5 26. Rc7+ Kf8 27.
Bf6 Ra8 28. h4 h5 29. f3 Ba5 30. Rc2 Bd8 31. Bxd8 Rxd8 32. e4 Bb3 33. Rc7 Ba4
34. Kf2 Rd7 35. Rxd7 Bxd7 36. e5 Kg7 37. Ke3 f6 38. Kd4 Kf7 39. Kc5 Ke7 40.
exf6+ Kxf6 41. Kd6 Ba4 42. Bd3 e5 43. g4 g5 44. hxg5+ Kxg5 45. gxh5 Bd1 46. Be4
Kxh5 47. Kxe5 Bxf3 1/2-1/2

[Event "chess.com Speed 2021"]
[Site "chess.com INT"]
[Date "2021.11.09"]
[Round "1.29"]
[White "Mamedyarov, Shakhriyar"]
[Black "Ding, Liren"]
[Result "0-1"]
[WhiteTitle "GM"]
[BlackTitle "GM"]
[WhiteElo "2765"]
[BlackElo "2799"]
[WhiteFideId "13401319"]
[BlackFideId "8603677"]
[EventDate "2021.11.08"]
[EventType "k.o."]

1. d4 Nf6 2. c4 e6 3. Nf3 d5 4. Nc3 Bb4 5. Qa4+ Nc6 6. e3 O-O 7. Qc2 Re8 8. Bd2
Bf8 9. a3 e5 10. dxe5 Nxe5 11. cxd5 Nxf3+ 12. gxf3 Nxd5 13. O-O-O a5 14. h4 Nb4
15. Qb1 Qf6 16. Ne4 Qc6+ 17. Bc3 Be6 18. axb4 axb4 19. Bb5 Qxb5 20. Nf6+ gxf6
21. Rhg1+ Bg7 22. Bxf6 Bb3 23. Rxg7+ Kf8 24. Rg8+ Kxg8 25. Rg1+ Kf8 26. Qxh7
Qc6+ 0-1

[Event "chess.com Speed 2021"]
[Site "chess.com INT"]
[Date "2021.11.09"]
[Round "1.31"]
[White "Ding, Liren"]
[Black "Mamedyarov, Shakhriyar"]
[Result "1-0"]
[WhiteTitle "GM"]
[BlackTitle "GM"]
[WhiteElo "2799"]
[BlackElo "2765"]
[WhiteFideId "8603677"]
[BlackFideId "13401319"]
[EventDate "2021.11.08"]
[EventType "k.o."]

1. d4 d5 2. c4 dxc4 3. e4 e5 4. Nf3 exd4 5. Bxc4 Nc6 6. O-O Bc5 7. Ng5 Nh6 8.
Nxf7 Nxf7 9. Bxf7+ Kxf7 10. Qh5+ g6 11. Qxc5 Re8 12. f3 Be6 13. Na3 a6 14. Bf4
Qd7 15. Rfd1 Kg8 16. b3 Rad8 17. Rd2 b6 18. Qg5 Nb4 19. Rad1 c5 20. Nc2 Nxc2 21.
Rxc2 Bf7 22. h4 Re6 23. h5 Rde8 24. h6 Qe7 25. b4 Qxg5 26. Bxg5 Re5 27. Bf4 Rh5
28. g4 Rhe5 29. Bxe5 Rxe5 30. bxc5 bxc5 31. f4 Rxe4 32. Rxc5 Bxa2 33. Rc8+ Kf7
34. Rc7+ Ke6 35. Rxh7 Rxf4 36. Ra7 Rxg4+ 37. Kf2 Bd5 38. h7 Rg2+ 39. Kf1 Rh2 40.
Rxd4 Ke5 41. Rd2 Rh1+ 42. Kf2 Rh2+ 43. Kg3 1-0